书目信息 |
| 题名: |
汽车底盘检修技巧170问
|
|
| 作者: | 李东江 主编 | |
| 分册: | ||
| 出版信息: | 北京 北京理工大学出版社 2004 |
|
| 页数: | 332页 | |
| 开本: | 20cm | |
| 丛书名: | ||
| 单 册: | ||
| 中图分类: | U472.41 | |
| 科图分类: | ||
| 主题词: | 汽车--qi che--底盘--维修 , 底盘--di pan--汽车--维修 | |
| 电子资源: | ||
| ISBN: | 7-5640-0321-9 | |
| 000 | 00858nam0 2200265 450 | |
| 001 | CAL 012004105655 | |
| 005 | 20061121163122.53 | |
| 010 | @a7-5640-0321-9@dCNY 16.00 | |
| 099 | @aCAL 012004105655 | |
| 100 | @a20040907d2004 ekmy0chiy0121 ea | |
| 101 | 0 | @achi |
| 102 | @aCN@b110000 | |
| 105 | @aak a 000yy | |
| 200 | 1 | @a汽车底盘检修技巧170问@Aqi che di pan jian xiu ji qiao 170 wen@f李东江主编 |
| 210 | @a北京@c北京理工大学出版社@d2004 | |
| 215 | @a332页@c图@d20cm | |
| 320 | @a有书目 (第331-332页)。 | |
| 330 | @a本书主要收集了包括自动变速器、ABS 制动系统、安全气囊系统、汽车底盘和车身以及空调系统的检修技巧170 余问。 | |
| 606 | 0 | @a汽车@Aqi che@x底盘@x维修 |
| 606 | 0 | @a底盘@Adi pan@x汽车@x维修 |
| 690 | @aU472.41@v4 | |
| 701 | 0 | @a李东江@Ali dong jiang@4主编 |
| 801 | @aCN@c20061121 | |
| 905 | @a10447@dU472.41@eL142 | |
| 998 | @aBTBU | |
| 汽车底盘检修技巧170问/李东江主编.-北京:北京理工大学出版社,2004 |
| 332页:图;20cm |
| ISBN 7-5640-0321-9:CNY 16.00 |
| 本书主要收集了包括自动变速器、ABS 制动系统、安全气囊系统、汽车底盘和车身以及空调系统的检修技巧170 余问。 |
| ● |
| 相关链接 |
|
|
|
正题名:汽车底盘检修技巧170问
索取号:U472.41/L142
 
预约/预借
| 序号 | 登录号 | 条形码 | 馆藏地/架位号 | 状态 | 备注 |
| 1 | 612815 | 206128153 | 自科库501/501自科库 57排5列3层/ [索取号:U472.41/L142] | 在馆 | |
| 2 | 612816 | 206128162 | 自科库501/501自科库 57排5列3层/ [索取号:U472.41/L142] | 在馆 | |
| 3 | 612817 | 206128171 | 自科库501/501自科库 57排5列3层/ [索取号:U472.41/L142] | 在馆 |